El comercio justo: entre la institucionalización y la confianza /
Guardado en:
| Hovedforfatter: | |
|---|---|
| Andre forfattere: | |
| Format: | Texto |
| Fag: | |
| Tags: |
Tilføj Tag
Ingen Tags, Vær først til at tagge denne postø!
|
MARC
| LEADER | 00000 a a2200000 04500 | ||
|---|---|---|---|
| 001 | 13014 | ||
| 003 | |||
| 040 | |||
| 100 | |a Doppler, Flurina | ||
| 245 | |a El comercio justo: |b entre la institucionalización y la confianza / |c Flurina Doppler ; Alma Amalia Gonzáles | ||
| 650 | |a COMERCIO | ||
| 650 | |a MERCADOS | ||
| 650 | |a CAFE | ||
| 650 | |a MEXICO | ||
| 700 | |a Gonzáles, Alma Amalia | ||
| 773 | |g volumen 38, número 149; páginas 181-202 | ||
| 999 | |c 37051 |d 37051 | ||
